Clean well-lighted place:a private view of sweden (Record no. 413747)

000 -LEADER
fixed length control field 00352cam a22001217a 4500
008 - FIXED-LENGTH DATA ELEMENTS--GENERAL INFORMATION
fixed length control field 180718b1961 xxu||||| |||| 00| 0 eng d
082 ## - DEWEY DECIMAL CLASSIFICATION NUMBER
Classification number A72x485 N848
100 ## - MAIN ENTRY--PERSONAL NAME
Personal name Nott,Kathleen
245 ## - TITLE STATEMENT
Title Clean well-lighted place:a private view of sweden
Statement of responsibility, etc. by Kathleen Nott
260 ## - PUBLICATION, DISTRIBUTION, ETC.
Place of publication, distribution, etc. London
Name of publisher, distributor, etc. Heinemann
Date of publication, distribution, etc. 1961
300 ## - PHYSICAL DESCRIPTION
Extent 207p.
650 ## - SUBJECT ADDED ENTRY--TOPICAL TERM
Topical term or geographic name entry element Sweden -Civilization.
Holdings
Withdrawn status Lost status Damaged status Not for loan Permanent Location Current Location Date acquired Full call number Barcode Date last seen Price effective from Koha item type
        Indian Institute of Public Administration Indian Institute of Public Administration 2009-02-18 A72x485 N848 31163 2018-07-21 2018-07-21 Book

Powered by Koha